| 000 | 00719nam 22002293 4500 | ||
|---|---|---|---|
| 001 | 202264 | ||
| 010 | _a978-972-21-2075-3 | ||
| 021 |
_aPT _b412474/16 |
||
| 090 | _a202264 | ||
| 100 | _a20260521d u||y0pory50 ba | ||
| 200 |
_aO Elefante Diferente (que espantava toda a gente) _fMafalda Castro Neves _gilustrado por Madalena Matoso |
||
| 205 | _a7ยช | ||
| 210 |
_aAlfragide _cEditorial Caminho _d2024 |
||
| 215 |
_a[28] p. _cencadernado _d27 cm |
||
| 300 | _aLER+ - Plano Nacional de Leitura | ||
| 606 |
_922 _aLiteratura Infantil Portuguesa |
||
| 675 |
_a821.134.3-93 _vPT _zpor |
||
| 700 |
_959 _aNeves _bManuela Castro |
||
| 702 |
_91058 _aMatoso _bMadalena |
||
| 801 |
_aPT _bBMMN _gRPC |
||
| 830 | _cAna Caetano | ||
| 990 | _cLIVROS | ||